Taller para el mejoramiento de la docencia en ingeniería y ciencias /

Propuesta para profesores de ingeniería y ciencias con actividades para reflexionar sobre su propia docencia y desarrollar habilidades de razonamiento y reforzar actitudes favorables.

Gespeichert in:
Bibliographische Detailangaben
1. Verfasser: Rugarcía Torres, Armando (autor)
Format: Buch
Sprache:Spanisch
Veröffentlicht: Puebla, México : Universidad Iberoamericana, Plantel Golfo-Centro, 1997, c1997
Ausgabe:2a edición
Schriftenreihe:(Lupus Magister)
Schlagworte:
Tags: Tag hinzufügen
Keine Tags, Fügen Sie das erste Tag hinzu!

MARC

LEADER 00000nam^a2200000^a^4500
001 000094057
005 20250521000000.0
009 20260310092819.748
020 |a 968-7507-21-7 
037 |a Acervo ITESO - Biblioteca 
041 |a ESP 
082 |a 620. 0711  |b RUG 
100 |a Rugarcía Torres, Armando  |e (autor) 
245 1 0 |a Taller para el mejoramiento de la docencia en ingeniería y ciencias /  |c A. Rugarcía Torres. 
250 |a 2a edición 
264 4 |a Puebla, México :  |b Universidad Iberoamericana, Plantel Golfo-Centro,  |c 1997, c1997 
300 |a 317 p. 
336 |a texto  |b txt  |2 rdacontenido 
337 |a sin mediación  |b n  |2 rdamedio 
338 |a volumen  |b nc  |2 rdasoporte 
440 1 |a (Lupus Magister) 
520 |a Propuesta para profesores de ingeniería y ciencias con actividades para reflexionar sobre su propia docencia y desarrollar habilidades de razonamiento y reforzar actitudes favorables. 
649 |a XX 
650 |a Ingeniería -  |x Estudio y Enseñanza 
650 |a Ciencia -  |x Estudio y Enseñanza 
650 |a Formación y Capacitación de Profesores 
650 |a Didáctica 
650 |a Metodología Educativa 
650 |a Proceso Educativo 
650 |a Educación Superior 
910 |a Fondo General 
920 |a Impresos - Libros 
930 |a Colección General 
905 |a 101 
901 |a 0500029432  |b IT1  |c ACC  |u 20250521 
902 |a https://opac.biblio.iteso.mx/vufind/Record/000094057